Countries With a B and T - Statistics

General Stats
  • This quiz has been taken 35 times
    22 since last reset
  • The average score is 6 of 10
Answer Stats
A % Correct
Bhutan
95%
Botswana
84%
Antigua and Barbuda
68%
D.R. Congo
68%
Rep. of the Congo
63%
Trinidad and Tobago
63%
Uzbekistan
58%
Central African Republic
53%
Djibouti
47%
United Arab Emirates
47%
No matching quizzes found
Score Distribution
Percent of People with Each Score
Percentile by Number Answered
Your Score History
You have not taken this quiz since the last reset